K návrhům na zavedení místní příslušnosti exekutorů
Problematika teritoriality alebo miestnej príslušnosti súdnych exekútorov v Českej republike. Práva veriteľov a dlžníkov a právo voľby súdneho exekútora. Legislatíva a budúci systém exekútorského povolania.
Salvato in:
| Autore principale: | |
|---|---|
| Natura: | Capitolo di libro |
| Lingua: | ceco |
| Soggetti: | |
| Tags: |
Nessun Tag, puoi essere il primo ad aggiungerne!!
|
MARC
| LEADER | 00000naa a2200000 4500 | ||
|---|---|---|---|
| 001 | 0196399 | ||
| 005 | 20231211083418.8 | ||
| 041 | 0 | |a cze | |
| 044 | |a CZ | ||
| 245 | 1 | 0 | |a K návrhům na zavedení místní příslušnosti exekutorů |c Filip Hanzlík |
| 520 | |a Problematika teritoriality alebo miestnej príslušnosti súdnych exekútorov v Českej republike. Práva veriteľov a dlžníkov a právo voľby súdneho exekútora. Legislatíva a budúci systém exekútorského povolania. | ||
| 610 | 2 | 0 | |a exekútori |
| 610 | 2 | 0 | |a poriadok exekučný |
| 610 | 2 | 0 | |a vymáhanie pohľadávok |
| 610 | 2 | 0 | |a výkon rozhodnutia |
| 610 | 2 | 0 | |a exekúcia |
| 610 | 2 | 0 | |a konanie súdne občianske |
| 100 | 1 | |a Hanzlík, Filip | |